Australiaada Jaanapada Kategalu (Record no. 222016)

MARC details
000 -LEADER
fixed length control field 00963nam a22002297a 4500
005 - DATE AND TIME OF LATEST TRANSACTION
control field 20240611142116.0
008 - FIXED-LENGTH DATA ELEMENTS--GENERAL INFORMATION
fixed length control field 220324b ||||| |||| 00| 0 eng d
020 ## - INTERNATIONAL STANDARD BOOK NUMBER
International Standard Book Number 9789392451140
040 ## - CATALOGING SOURCE
Transcribing agency AL
041 ## - LANGUAGE CODE
Language code of text/sound track or separate title Kannada
082 ## - DEWEY DECIMAL CLASSIFICATION NUMBER
Edition number 23
Classification number 398.2K
Item number PARA
100 ## - MAIN ENTRY--PERSONAL NAME
Personal name K Langlo Parker
100 ## - MAIN ENTRY--PERSONAL NAME
9 (RLIN) 170086
100 ## - MAIN ENTRY--PERSONAL NAME
9 (RLIN) 25774
Dates associated with a name ಲ್ಯಾಂಗ್ಲೋ ಪಾರ್ಕರ್ ಕೆ
245 ## - TITLE STATEMENT
Title Australiaada Jaanapada Kategalu
Remainder of title ಆಸ್ಟ್ರೇಲಿಯಾದ ಜಾನಪದ ಕತೆಗಳು
260 ## - PUBLICATION, DISTRIBUTION, ETC.
Place of publication, distribution, etc. Bengaluru
Name of publisher, distributor, etc. Navakarnataka Publications Private Limited
Date of publication, distribution, etc. 2021
300 ## - PHYSICAL DESCRIPTION
Extent 136 p.
Other physical details PB
Dimensions 21.5x14 cm.
365 ## - TRADE PRICE
Price type code BLCR-000132
Price amount ₹112.00
Currency code
Unit of pricing ₹140.00
Price note 20%
Price effective from 11-03-2022
650 ## - SUBJECT ADDED ENTRY--TOPICAL TERM
Topical term or geographic name entry element Australiaada Paurāṇika Kathegaḷu ಆಸ್ಟ್ರೇಲಿಯಾದ ಪೌರಾಣಿಕ ಕತೆಗಳು
9 (RLIN) 25764
700 ## - ADDED ENTRY--PERSONAL NAME
Personal name Sidney Srinivas
9 (RLIN) 25765
700 ## - ADDED ENTRY--PERSONAL NAME
Personal name ಸಿಡ್ನಿ ಶ್ರೀನಿವಾಸ್ Tr
9 (RLIN) 25766
942 ## - ADDED ENTRY ELEMENTS (KOHA)
Source of classification or shelving scheme Dewey Decimal Classification
Koha item type Book
Holdings
Withdrawn status Lost status Source of classification or shelving scheme Damaged status Not for loan Collection code Home library Current library Date acquired Source of acquisition Cost, normal purchase price Total Checkouts Full call number Barcode Date last seen Cost, replacement price Price effective from Koha item type
    Dewey Decimal Classification     Others St Aloysius Library St Aloysius Library 03/12/2022 Navakarnataka Publications Pvt.Ltd. 112.00   398.2K PARA 075689 03/24/2022 140.00 03/24/2022 Book